| 000 | 00353nam a22001337a 4500 | ||
|---|---|---|---|
| 020 | _a9780079111715 | ||
| 040 | _cNUST | ||
| 082 | _a621.3822 TAY | ||
| 100 |
_aTaylor, Fred J. _977663 |
||
| 245 | _aPrinciples of Signals and System | ||
| 260 |
_aNew York; _bMcGraw-Hill, _c1994. |
||
| 650 |
_aPrinciples of Signals and System _9114510 |
||
| 942 |
_2ddc _cBK |
||
| 999 |
_c595847 _d595847 |
||